000 00300nam a2200145Ia 4500
100 _aAnshuman Kit
650 _aAutomobiles
942 _cBK
654 _aInstruction manual
245 _aInstruction Manual S1/V 51
260 _bXEROX
082 _a5.43
_bPAN
546 _aENGLISH
999 _c26450
_d26450